[Event "Mittelfranken Mitte-ch 0304"]
[Site "Zirndorf"]
[Date "2004.??.??"]
[Round "1"]
[White "Puehn, Georg"]
[Black "Hennemann, Herbert"]
[Result "1/2-1/2"]
[WhiteElo "1902"]
[BlackElo "1547"]
[PlyCount "104"]
[EventDate "2004.01.02"]
[EventType "swiss"]
[EventRounds "7"]
[EventCountry "GER"]
[SourceTitle "EXT 2015"]
[Source "ChessBase"]
[SourceDate "2014.11.20"]
[SourceVersion "1"]
[SourceVersionDate "2014.11.20"]
[SourceQuality "1"]

1. e4 Nf6 2. d3 e5 3. Nf3 Nc6 4. Be2 Be7 5. 0-0 d5 6. Nbd2 0-0 7. Re1 Bd6 8. c3 Re8 9. Qc2 Bg4 10. h3 Bh5 11. Nf1 h6 12. Ng3 Bg6 13. a3 Qc8 14. b4 dxe4 15. dxe4 Nd5 16. Nh4 Bh7 17. Bg4 Qd8 18. Nhf5 Nf4 19. c4 Nd4 20. Qb2 Nd3 21. Qc3 Nxe1 22. Qxe1 Nc2 23. Qc3 Nxa1 24. Qxa1 Bf8 25. Bb2 f6 26. Qc1 c5 27. Bc3 Qc7 28. Ne3 cxb4 29. axb4 b6 30. Be2 Qb7 31. Nd5 Rac8 32. Qf1 Bg6 33. Bg4 Rcd8 34. Qe2 Bf7 35. Bf5 Rxd5 36. exd5 b5 37. Qg4 g5 38. Bd7 Re7 39. Bc6 Qb8 40. Ne4 Bg7 41. Qf3 Kh8 42. Nxf6 Bg6 43. Ne4 bxc4 44. Qe2 Rf7 45. Qxc4 Rf4 46. f3 Bxe4 47. fxe4 Qb6+ 48. Qc5 Rxe4 49. d6 Rd4 50. Kh2 Rd1 51. Bxe5 Qd8 52. Bxg7+ Kxg7 1/2-1/2

[Event "Mittelfranken Mitte-ch 0304"]
[Site "Zirndorf"]
[Date "2004.??.??"]
[Round "5"]
[White "Ulusoy, Tolga"]
[Black "Hennemann, Herbert"]
[Result "1-0"]
[WhiteElo "1715"]
[BlackElo "1547"]
[PlyCount "43"]
[EventDate "2004.01.02"]
[EventType "swiss"]
[EventRounds "7"]
[EventCountry "GER"]
[SourceTitle "EXT 2015"]
[Source "ChessBase"]
[SourceDate "2014.11.20"]
[SourceVersion "1"]
[SourceVersionDate "2014.11.20"]
[SourceQuality "1"]

1. e4 c5 2. Nf3 Nc6 3. d4 cxd4 4. Nxd4 Qc7 5. Nc3 Nxd4 6. Qxd4 e5 7. Qd3 Bb4 8. Bd2 Bxc3 9. Bxc3 Nf6 10. Bb4 d5 11. exd5 e4 12. Qd4 Bd7 13. c4 b6 14. Be2 Rc8 15. 0-0 Bf5 16. f3 exf3 17. Bxf3 Kd7 18. g4 Bg6 19. g5 Rce8 20. gxf6 gxf6 21. Qxf6 Rhg8 22. Bg4+ 1-0

[Event "Nuremberg Zabo op 05th"]
[Site "Nuremberg"]
[Date "2003.09.28"]
[Round "5"]
[White "Hennemann, Herbert"]
[Black "Beuschel, Uwe"]
[Result "1/2-1/2"]
[WhiteElo "1599"]
[BlackElo "1399"]
[PlyCount "64"]
[EventDate "2003.09.26"]
[EventType "swiss"]
[EventRounds "5"]
[EventCountry "GER"]
[SourceTitle "EXT 2018"]
[Source "ChessBase"]
[SourceDate "2017.10.13"]
[SourceVersion "1"]
[SourceVersionDate "2017.10.13"]
[SourceQuality "1"]

1. d4 Nf6 2. Nf3 d5 3. e3 e6 4. Bd3 c5 5. dxc5 Bxc5 6. 0-0 Nc6 7. Re1 Qc7 8. Nbd2 0-0 9. Nf1 b6 10. a3 Bb7 11. b4 Bd6 12. Bb2 Be7 13. Rc1 Rac8 14. c4 Qd8 15. Qc2 Nb8 16. Red1 Ba6 17. Qb1 Qe8 18. Bxf6 Bxf6 19. Bxh7+ Kh8 20. Bd3 Bxc4 21. Ng3 g6 22. e4 Nd7 23. Re1 Bxd3 24. Qxd3 Rxc1 25. Rxc1 Qb8 26. Qe3 Bg7 27. h4 Nf6 28. h5 Ng4 29. Qg5 Bh6 30. Qxg4 Bxc1 31. hxg6 fxg6 32. Qxg6 Qc7 1/2-1/2